000 00511nam a2200193Ia 4500
003 GCL
008 140319s9999 xx 000 0 ara d
040 _aGCL /
_cGCL
082 0 4 _a818.03
_bط ا
100 1 _aطه وادى
245 1 0 _aالليالى /
_cطه وادى
260 _aالقاهرة :
_bمكتبة مصر ،
_c1992
300 _a385 ص ؛
_c19 سم
490 _a
650 0 4 _aالمذكرات
650 0 4 _aالتراجم
650 0 4 _aالتراجم الذاتية
942 _2ddc
_cBK
999 _c29693
_d29693